| 000 | 00980nas a2200337 4500 | ||
|---|---|---|---|
| 001 | BR2013000389 | ||
| 003 | BR-BrBNA | ||
| 005 | 20231205121807.0 | ||
| 007 | ta | ||
| 008 | 230509b bl.|||p| |||| 00| 00por d | ||
| 040 |
_aBR-BrBNA _bpor _cBiblioteca Nacional de Agricultura |
||
| 041 | _a(Pt) | ||
| 072 | _aQ02 | ||
| 100 | 1 | _aSoares Júnior, M.S. | |
| 100 | 1 | _aSantos, T.P.B. | |
| 100 | 1 | _aPereira, G.F. | |
| 100 | 1 | _aMinafra, C. da S. | |
| 100 | 1 | _aCaliari, M. | |
| 100 | 1 | _aSilva, F.A. da | |
| 245 | 1 | _aDesenvolvimento de salgadinhos extrusados a partir de fragmentos de arroz e feijão | |
| 650 | _aARROZ | ||
| 650 | _aORYZA SATIVA | ||
| 650 | _aFEIJÃO | ||
| 650 | _aPHASEOLUS VULGARIS | ||
| 650 | _aEXTRUSÃO | ||
| 650 | _aPROTEINA | ||
| 650 | _aCARBOIDRATO | ||
| 773 | 0 |
_tSemina. Ciências Agrárias (Brazil) _xISSN 1676-546X _g(Jan-Mar 2011), v. 32(1) p. 191-200 _wBR2013000389 |
|
| 909 |
_a202311 _bLúcia _c55 _dLúcia Elande |
||
| 942 |
_2AGRIS _n0 _cANA |
||
| 999 |
_c225278 _d225278 |
||